Cornerback prospects of the 2025 NFL Draft - Statistics

General Stats
  • This quiz has been taken 42 times
    33 since last reset
  • The average score is 13 of 33
Answer Stats
Position College Name % Correct
CB/WR Colorado Travis Hunter
100%
CB Michigan Will Johnson
100%
CB Notre Dame Benjamin Morrison
81%
CB Texas Jahdae Barron
81%
CB Kentucky Maxwell Hairston
81%
CB East Carolina Shavon Revel Jr.
75%
CB Ole Miss Trey Amos
63%
CB Ohio St. Denzel Burke
56%
CB Kansas Cobee Bryant
50%
CB USC Jaylin Smith
50%
CB Southern Arkansas Melvin Smith Jr.
50%
CB California Nohl Williams
44%
CB Florida St. Azareye'h Thomas
38%
CB Tulane Caleb Ransaw
38%
CB Kansas St. Jacob Parrish
38%
CB Virginia Tech Dorian Strong
31%
CB Western Kentucky Upton Stout
31%
CB UTSA Zah Frazier
31%
CB LSU Zy Alexander
31%
CB Iowa St. Darien Porter
25%
CB Florida Jason Marshall Jr.
25%
CB UCF Mac McWilliams
25%
CB Louisville Quincy Riley
25%
CB Western Michigan Bilhal Kone
19%
CB Oregon Jabbar Muhammad
19%
CB California Marcus Harris
19%
CB Kansas Mello Dotson
19%
CB UCF B.J. Adams
13%
CB Tulane Johnathan Edwards
13%
CB Minnesota Justin Walley
13%
CB Nebraska Tommi Hill
13%
CB North Carolina Alijah Huzzie
6%
CB South Carolina O'Donnell Fortune
6%
No matching quizzes found
Score Distribution
Percent of People with Each Score
Percentile by Number Answered
Your Score History
You have not taken this quiz since the last reset